Southville International School and Colleges
Your cart is empty.
  • Cart
  • Lists
    Public lists Eva Luna New books Lux_list list_1
    Your lists Log in to create your own lists
  • Log in to your account
  • Your cookies
  • Search history
Southville International School and Colleges
  • Advanced search
  • Recent comments
  • Most popular
  • Libraries

Log in to your account

Log in with GOOGLE


If you do not have an external account, but do have a local account, you can still log in:

  1. Home
  2. MARC view: Illustrated study guide for the NCLEX-RN exam /
Normal view MARC view ISBD view

Illustrated study guide for the NCLEX-RN exam / (Record no. 284502)

[ view plain ]
MARC details
000 -LEADER
fixed length control field 02222cam a22003498a 4500
001 - CONTROL NUMBER
control field MEB028035
003 - CONTROL NUMBER IDENTIFIER
control field PILC
005 - DATE AND TIME OF LATEST TRANSACTION
control field 20150529084411.0
008 - FIXED-LENGTH DATA ELEMENTS--GENERAL INFORMATION
fixed length control field 120523s2013 mou 001 0 eng
010 ## - LIBRARY OF CONGRESS CONTROL NUMBER
LC control number 2012021196
020 ## - INTERNATIONAL STANDARD BOOK NUMBER
International Standard Book Number 9780323082327
035 ## - SYSTEM CONTROL NUMBER
System control number (DNLM)101584863
040 ## - CATALOGING SOURCE
Original cataloging agency DNLM/DLC
Transcribing agency DLC
042 ## - AUTHENTICATION CODE
Authentication code pcc
050 ## - LIBRARY OF CONGRESS CALL NUMBER
Classification number RT 55
Item number .Il6 2013
245 00 - TITLE STATEMENT
Title Illustrated study guide for the NCLEX-RN exam /
Statement of responsibility, etc edited by JoAnn Zerwekh.
250 ## - EDITION STATEMENT
Edition statement 8th ed.
260 ## - PUBLICATION, DISTRIBUTION, ETC. (IMPRINT)
Place of publication, distribution, etc St. Louis :
Name of publisher, distributor, etc Elsevier/Mosby,
Date of publication, distribution, etc 2013.
263 ## - PROJECTED PUBLICATION DATE
Projected publication date 1212.
300 ## - PHYSICAL DESCRIPTION
Extent xiv, 642 pages :
Other physical details color illustrations ;
Dimensions 28 cm.
500 ## - GENERAL NOTE
General note Includes appendix, bibliographical references and index.
505 0# - FORMATTED CONTENTS NOTE
Formatted contents note Testing strategies for the NCLEX-RN examination -- Health implications across the life span -- Concepts of nursing practice -- Nursing management and ethical/legal concepts -- Emergency and disaster preparedness and bioterrorism -- Pharmacology and medication administration -- Homeostasis concepts -- Immune: care of the adult, maternity, & pediatric client -- Cancer concepts -- Psychosocial nursing care -- Integumentary: care of adult & pediatric clients -- Sensory: care of adult & pediatric clients -- Endocrine: care of adult, maternity, & pediatric clients -- Hematology: care of adult & pediatric clients -- Respiratory: care of adult & pediatric clients -- Vascular: care of adult clients -- Cardiac: care of adult, maternity, & pediatric clients -- Gastrointestinal: care of adult & pediatric clients -- Hepatic and biliary: care of adult clients -- Neurology: care of adult & pediatric clients -- Musculoskeletal: care of adult & pediatric clients -- Reproductive: care of adult & pediatric clients -- Urinary-renal: care of adult & pediatric clients -- Maternity nursing care -- Newborn nursing care.
650 ## - SUBJECT ADDED ENTRY--TOPICAL TERM
Topical term or geographic name as entry element Nursing Care
Form subdivision Examination Questions.
650 ## - SUBJECT ADDED ENTRY--TOPICAL TERM
Topical term or geographic name as entry element Nursing Care
Form subdivision Outlines.
650 ## - SUBJECT ADDED ENTRY--TOPICAL TERM
Topical term or geographic name as entry element Licensure, Nursing
Form subdivision Examination Questions.
650 ## - SUBJECT ADDED ENTRY--TOPICAL TERM
Topical term or geographic name as entry element Licensure, Nursing
Form subdivision Outlines.
650 ## - SUBJECT ADDED ENTRY--TOPICAL TERM
Topical term or geographic name as entry element Nursing Process
Form subdivision Examination Questions.
650 ## - SUBJECT ADDED ENTRY--TOPICAL TERM
Topical term or geographic name as entry element Nursing Process
Form subdivision Outlines.
700 1# - ADDED ENTRY--PERSONAL NAME
Personal name Zerwekh, JoAnn Graham.
740 ## - ADDED ENTRY--UNCONTROLLED RELATED/ANALYTICAL TITLE
Uncontrolled related/analytical title Study guide for the NCLEX-RN exam.
942 ## - ADDED ENTRY ELEMENTS (KOHA)
Source of classification or shelving scheme Library of Congress Classification
Koha item type Books
Call number prefix Foreign
Holdings
Withdrawn status Lost status Source of classification or shelving scheme Damaged status Home library Current library Shelving location Date acquired Source of acquisition Cost, normal purchase price Total Checkouts Total Renewals Full call number Barcode Date last seen Date checked out Price effective from Koha item type
    Library of Congress Classification   College Library College Library General Circulation Section 05/29/2015 Library Fund 3258.00 3 10 RT 55 .Il6 2013 C19426 12/16/2024 12/02/2024 05/29/2015 Books

Illustrated study guide for the NCLEX-RN exam /

APA

Zerwekh J. G., . (2013). Illustrated study guide for the NCLEX-RN exam. St. Louis: Elsevier/Mosby.

Chicago

Zerwekh JoAnn Graham, . 2013. Illustrated study guide for the NCLEX-RN exam. St. Louis: Elsevier/Mosby.

Harvard

Zerwekh J. G., . (2013). Illustrated study guide for the NCLEX-RN exam. St. Louis: Elsevier/Mosby.

MLA

Zerwekh JoAnn Graham, . Illustrated study guide for the NCLEX-RN exam. St. Louis: Elsevier/Mosby. 2013.

  • Place hold
  • Print
  • Cite
  • Add to your cart (remove)
  • Save record
    BIBTEX Dublin Core MARCXML MARC (non-Unicode/MARC-8) MARC (Unicode/UTF-8) MARC (Unicode/UTF-8, Standard) MODS (XML) RIS
  • More searches
    Search for this title in:
    Other Libraries (WorldCat) Other Databases (Google Scholar) Online Stores (Bookfinder.com) Open Library (openlibrary.org)

Exporting to Dublin Core...

SOUTHVILLE LIBRARY

Southville International School and Colleges Library

1281 Tropical Ave. Cor. Luxembourg St., BF Homes International, Las Pinas City

Tel. No. 8256374 / 252358 Loc. 117/146

Powered by Koha